|
|
|
|
| LEADER |
00000naa2a2200000 4500 |
| 001 |
611404 |
| 005 |
20231101132645.0 |
| 035 |
|
|
|a (RuTPU)RU\TPU\conf\9156
|
| 035 |
|
|
|a RU\TPU\conf\9152
|
| 090 |
|
|
|a 611404
|
| 100 |
|
|
|a 20150310d2012 k y0rusy50 ca
|
| 101 |
0 |
|
|a rus
|d eng
|
| 102 |
|
|
|a RU
|
| 105 |
|
|
|a y z 100zy
|
| 135 |
|
|
|a drgn ---uucaa
|
| 181 |
|
0 |
|a i
|
| 182 |
|
0 |
|a b
|
| 200 |
1 |
|
|a Работа с семантическим хранилищем с помощью Android приложения
|f Д. Ю. Зимелев
|
| 203 |
|
|
|a Текст
|c электронный
|
| 215 |
|
|
|a 1 файл (457 Кб)
|
| 225 |
1 |
|
|a Интеллектуальные системы и технологии
|
| 230 |
|
|
|a Электронные текстовые данные (1 файл : 457 Кб)
|
| 300 |
|
|
|a Заглавие с титульного листа.
|
| 320 |
|
|
|a [Библиогр.: с. 204 (1 назв.)]
|
| 330 |
|
|
|a This article describes the application on the Android platform, demonstrating the interaction with the semantic storage and allowing simple operations to view and edit the information in the storage, which is a precondition in the development of a full client of the semantic web.
|
| 337 |
|
|
|a Adobe Reader
|
| 463 |
|
1 |
|0 (RuTPU)RU\TPU\conf\61
|t Технологии Microsoft в теории и практике программирования
|o сборник трудов IX Всероссийской научно-практической конференции студентов, аспирантов и молодых ученых, 21-22 марта 2012 г., г.Томск
|f Национальный исследовательский Томский политехнический университет (ТПУ), Институт кибернетики ; отв. ред. А. Р. Вахитов
|v [С. 202-204]
|d 2012
|
| 610 |
1 |
|
|a электронный ресурс
|
| 610 |
1 |
|
|a труды учёных ТПУ
|
| 610 |
1 |
|
|a семантические хранилища
|
| 610 |
1 |
|
|a Android
|
| 610 |
1 |
|
|a триплеты
|
| 610 |
1 |
|
|a графы
|
| 610 |
1 |
|
|a веб-сервисы
|
| 610 |
1 |
|
|a семантические сети
|
| 700 |
|
1 |
|a Зимелев
|b Д. Ю.
|
| 712 |
0 |
2 |
|a Национальный исследовательский Томский политехнический университет (ТПУ)
|c (2009- )
|2 stltpush
|3 (RuTPU)RU\TPU\col\15902
|
| 801 |
|
2 |
|a RU
|b 63413507
|c 20150310
|g RCR
|
| 856 |
4 |
|
|u http://www.lib.tpu.ru/fulltext/c/2012/C28/070.pdf
|
| 942 |
|
|
|c BK
|